Tecnología de interconexión inalámbrica Bluetooth : análisis de ventajas y desventajas frente a otras tecnologías de interconexión inalámbrica
محفوظ في:
| المؤلف الرئيسي: | |
|---|---|
| مؤلفون آخرون: | |
| التنسيق: | كتاب |
| اللغة: | Spanish |
| منشور في: |
[San José, Costa Rica]
2004
|
| الموضوعات: | |
| الوسوم: |
إضافة وسم
لا توجد وسوم, كن أول من يضع وسما على هذه التسجيلة!
|
MARC
| LEADER | 00000nam a2200000Ia 4500 | ||
|---|---|---|---|
| 003 | 009396 | ||
| 005 | 20240116094514.0 | ||
| 008 | 140114s2004 cr a m 000 ||spa d | ||
| 040 | |c cru CEDI | ||
| 100 | |a Berrocal Valverde, Alejandro , 1978- |9 2181 | ||
| 245 | |a Tecnología de interconexión inalámbrica Bluetooth : análisis de ventajas y desventajas frente a otras tecnologías de interconexión inalámbrica | ||
| 260 | |a [San José, Costa Rica] |c 2004 | ||
| 300 | |a xii, 83 hojas : ilustraciones | ||
| 500 | |a Proyecto de graduación (bachillerato en ingeniería eléctrica)--Universidad de Costa Rica. Facultad de Ingeniería. Escuela de Ingeniería Eléctrica | ||
| 501 | |a Profesor Guía de IE-0502 Proyecto Eléctrico: Ing. Jhonny Cascante Ramírez | ||
| 650 | |x TECNOLOGIA DEL BLUETOOTH |x SISTEMAS MOVILES DE COMUNICACION |9 774 | ||
| 700 | |a Cascante Ramírez, Jhonny |d Director de Proyecto Eléctrico |9 1216 | ||
| 942 | |c TFG |h TFG 4937 |i 009396 |6 TFG_4937_009396000000000 | ||
| 999 | |c 17482 |d 17482 | ||
